Online
Catalog

Estudios sobre selección del ganado / (Record no. 24654)

MARC details
000 -CABECERA
campo de control de longitud fija 01195nam a2200301 a 4500
001 - NÚMERO DE CONTROL
campo de control 000025161
005 - FECHA Y HORA DE LA ÚLTIMA TRANSACCIÓN
campo de control 20240517193337.0
008 - DATOS DE LONGITUD FIJA--INFORMACIÓN GENERAL
campo de control de longitud fija 110210s1966 ag a r 000 0 spa d
040 ## - FUENTE DE LA CATALOGACIÓN
Centro catalogador/agencia de origen DO-SdBNP
Lengua de catalogación spa
Centro/agencia transcriptor BNPHU
041 17 - CÓDIGO DE LENGUA
Código de lengua del texto/banda sonora o título independiente spa
Código de lengua original eng
Fuente del código Código de idiomas MARC
082 ## - NÚMERO DE LA CLASIFICACIÓN DECIMAL DEWEY
Número de clasificación 636.2
Número de documento/Ítem B421e
049 ## - FONDOS LOCALES (OCLC)
Fondos de biblioteca BNGR
100 1# - ENTRADA PRINCIPAL--NOMBRE DE PERSONA
Nombre de persona Bonsma, Jan C.
9 (RLIN) 51612
240 10 - TÍTULO UNIFORME
Título uniforme Wortham lectures in animal science.
Lenguaje de la obra Español
245 10 - MENCIÓN DE TÍTULO
Título Estudios sobre selección del ganado /
Mención de responsabilidad, etc. Jan C. Bonsma ;versión castellana por Aníbal Durán del Campo, prólogo, Luis Carlos Pinheiro Machado.
260 ## - PUBLICACIÓN, DISTRIBUCIÓN, ETC.
Lugar de publicación, distribución, etc. Buenos Aires, (Argentina) :
Nombre del editor, distribuidor, etc. Editorial Hemisferio Sur ;,
Fecha de publicación, distribución, etc. 1966.
300 ## - DESCRIPCIÓN FÍSICA
Extensión 131 p. :
Otras características físicas il. ;
Dimensiones 20 cm.
490 1# - MENCIÓN DE SERIE
Mención de serie Wortham
534 ## - NOTA SOBRE LA VERSIÓN ORIGINAL
Encabezamiento principal del original Título del original en inglés :
Mención de título del original Wortham lectures in animal science
650 #4 - PUNTO DE ACCESO ADICIONAL DE MATERIA--TÉRMINO DE MATERIA
Término de materia o nombre geográfico como elemento de entrada Ganado
9 (RLIN) 51613
650 #0 - PUNTO DE ACCESO ADICIONAL DE MATERIA--TÉRMINO DE MATERIA
Término de materia o nombre geográfico como elemento de entrada Ganedería
9 (RLIN) 2464
650 #4 - PUNTO DE ACCESO ADICIONAL DE MATERIA--TÉRMINO DE MATERIA
Término de materia o nombre geográfico como elemento de entrada Cria de ganado vacuno
9 (RLIN) 2466
650 #4 - PUNTO DE ACCESO ADICIONAL DE MATERIA--TÉRMINO DE MATERIA
Término de materia o nombre geográfico como elemento de entrada Reproducción de ganado vacuno
9 (RLIN) 51614
700 1# - PUNTO DE ACCESO ADICIONAL--NOMBRE DE PERSONA
Nombre de persona Durán del Campo, Aníbal,
Término indicativo de función/relación tr.
9 (RLIN) 51615
700 1# - PUNTO DE ACCESO ADICIONAL--NOMBRE DE PERSONA
Nombre de persona Pinheiro Machado, Luis Carlos,
Término indicativo de función/relación pról.
9 (RLIN) 51616
710 2# - PUNTO DE ACCESO ADICIONAL--NOMBRE DE ENTIDAD CORPORATIVA
Nombre de entidad corporativa o nombre de jurisdicción como elemento de entrada Centro Regional de Ayuda Técnica. Agencia para el Desarrollo Internacional
9 (RLIN) 51617
830 #0 - PUNTO DE ACCESO ADICIONAL DE SERIE-TÍTULO UNIFORME
Título uniforme Wortham
9 (RLIN) 51618
Holdings
Estado de retiro Estado de pérdida Restricciones de uso No para préstamo Código de colección Localización permanente Ubicación/localización actual Ubicación en estantería Fecha de adquisición Número de inventario Total de préstamos Signatura topográfica completa Código de barras Fecha visto por última vez Precio válido a partir de Tipo de ítem Koha
        Monografías: Libros y Folletos General General En catalogación 10.02.2011 LF1   636.2 B421e 25161-10 25.06.2020 25.06.2020 Préstamo en sala

Powered by Koha